00850nam a22002297a 450000500170000001000140001702000270003103500130005803500170007103700130008803700210010108200150012210000200013724501970015725000220035426000440037627000850042030000280050550000190053365000420055270000260059420100514121044.0 aENG-96065 a9788180386237c2195.00 aEN-79597 aB-424458-461 bDBAD/PUB bBlueberry Books  a346.730662 aSridharan, N.R. aGuide to takeovers and mergers :cby N.R.Sridharan [and] P.H.Arvindh Pandianba complete guide to corporate restructuring, arrangements, compromises, demergers amalgamations and acquisitions / a3rd rev.& enl.ed. aGurgaonbLexisnexis Butterworths c2010 a14th Floor, Building No. 10, Tower-B, DLF Cyber city, Phase-II bGurgaone122002 axciii,2069p.c24cm (Hb) aIncludes index aConsolidation & Merger of Corporation aPandian, P.H. Arvindh